Coastal, estuarial, and harbour engineers' reference book / (Record no. 550658)
[ view plain ]
| 000 -LEADER | |
|---|---|
| fixed length control field | 00772cam a2200217 a 4500 |
| 020 ## - INTERNATIONAL STANDARD BOOK NUMBER | |
| International Standard Book Number | 0419154302 (alk. paper) |
| 082 00 - DEWEY DECIMAL CLASSIFICATION NUMBER | |
| Classification number | 627 |
| Author Mark | COA |
| -- | L-22, P-24 |
| 245 00 - TITLE STATEMENT | |
| Title | Coastal, estuarial, and harbour engineers' reference book / |
| Statement of responsibility, etc. | edited by M.B. Abbott and W.A. Price. |
| 250 ## - EDITION STATEMENT | |
| Edition statement | 1st ed. |
| 260 ## - PUBLICATION, DISTRIBUTION, ETC. | |
| Place of publication, distribution, etc. | London ; |
| -- | New York : |
| Name of publisher, distributor, etc. | E & FN Spon, |
| Date of publication, distribution, etc. | 1994. |
| 300 ## - PHYSICAL DESCRIPTION | |
| Extent | xii, 736 p. : |
| Other physical details | ill., maps ; |
| Dimensions | 26 cm. |
| 526 ## - STUDY PROGRAM INFORMATION NOTE | |
| Program name | 0 |
| Interest level | 0 |
| Reading level | 0 |
| Title point value | 627_000000000000000_COA |
| 650 #0 - SUBJECT ADDED ENTRY--TOPICAL TERM | |
| Topical term or geographic name entry element | Coastal engineering. |
| 9 (RLIN) | 13100 |
| 650 #0 - SUBJECT ADDED ENTRY--TOPICAL TERM | |
| Topical term or geographic name entry element | Estuaries. |
| 9 (RLIN) | 47395 |
| 650 #0 - SUBJECT ADDED ENTRY--TOPICAL TERM | |
| Topical term or geographic name entry element | Harbors |
| General subdivision | Design and construction. |
| 9 (RLIN) | 47396 |
| 650 #0 - SUBJECT ADDED ENTRY--TOPICAL TERM | |
| Topical term or geographic name entry element | MCE |
| 9 (RLIN) | 379 |
| 700 1# - ADDED ENTRY--PERSONAL NAME | |
| Personal name | Abbott, Michael B. |
| 9 (RLIN) | 47397 |
| 700 1# - ADDED ENTRY--PERSONAL NAME | |
| Personal name | Price, W. A. |
| 9 (RLIN) | 47398 |
| 856 42 - ELECTRONIC LOCATION AND ACCESS | |
| Uniform Resource Identifier | <a href="http://www.loc.gov/catdir/enhancements/fy0651/93006888-d.html">http://www.loc.gov/catdir/enhancements/fy0651/93006888-d.html</a> |
| 942 ## - ADDED ENTRY ELEMENTS (KOHA) | |
| Source of classification or shelving scheme | |
| Koha item type | Book |
| Withdrawn status | Lost status | Source of classification or shelving scheme | Damaged status | Not for loan | Permanent Location | Current Location | Date acquired | Total Checkouts | Full call number | Barcode | Date last seen | Price effective from | Koha item type |
|---|---|---|---|---|---|---|---|---|---|---|---|---|---|
| Military College of Engineering (MCE) | Military College of Engineering (MCE) | 11/18/2014 | 627 COA | MCE-28501 | 11/18/2014 | 11/18/2014 | Book |
